All Mario & Sonic Characters - Statistics

General Stats
  • This quiz has been taken 97 times
  • The average score is 24 of 42
Answer Stats
Answer % Correct
Luigi
99%
Mario
97%
Peach
94%
Sonic
93%
Bowser
92%
Tails
89%
Daisy
85%
Shadow
85%
Knuckles
82%
Waluigi
81%
Wario
79%
Yoshi
79%
Donkey Kong
78%
Amy
72%
Bowser Jr.
72%
Dr. Eggman
72%
Silver
69%
Diddy Kong
67%
Metal Sonic
67%
Vector
67%
Blaze
64%
Toad
64%
Rosalina
63%
Birdo
53%
Rouge
46%
Toadette
46%
Cream
40%
Espio
39%
Dry Bones
35%
Eggman Nega
31%
Wendy
29%
Jet
26%
Ludwig
26%
Dry Bowser
25%
Larry
25%
Sticks
25%
Zavok
21%
Zazz
21%
Roy
19%
Wave
19%
Nabbit
11%
E-123 Omega
10%
No matching quizzes found
Score Distribution
Percent of People with Each Score
Percentile by Number Answered
Your Score History
You have not taken this quiz